[Event "Tourn. n8673"]
[Site "www.chess-mail.com"]
[Date "2016.06.08"]
[Round "1"]
[White "Falcoale"]
[Black "Awfen"]
[WhiteElo "1820"]
[BlackElo "2090"]
[Result "1-0"]
[Round "1"]
1.e4 Nb8c6
2.Ng1f3 e5
3.b3 d6
4.Bc1b2 Ng8f6
5.d3 Bc8g4
6.h3 Bg4d7
7.Bf1e2 Bf8e7
8.O-O O-O
9.Nf3h2 a6
10.f4 exf4
11.Rf1xf4 Nc6e5
12.Nb1d2 Bd7c6
13.Nh2g4 Nf6h5
14.Rf4f1 Nh5g3
15.Ng4xe5 dxe5
16.Be2g4 Ng3xf1
17.Nd2xf1 Be7c5
18.Kh1 f5
19.Bg4xf5 Qd8f6
20.Nf1g3 Bc5d6
21.Qd1g4 Ra8e8
22.Ra1f1 Qf6e7
23.Qg4e2 Qe7g5
24.Qe2e1 Re8e7
25.Bb2c1 Qg5h4
26.Bc1e3 Bc6d7
27.Rf1f3 Bd7c6
28.Qe1d2 h6
29.c4 b6
30.Ng3f1 a5
31.Rf3g3 Qh4f6
32.Rg3g6 Qf6h4
33.Be3xh6 Bc6e8
34.Bh6g5 Qh4h7
35.Bg5xe7 Bd6xe7
36.Rg6e6 g6
37.Nf1e3 gxf5
38.Ne3xf5 Rf8xf5
39.exf5 Kf8
40.Re6xe5 Be8c6
41.d4 Qh7xh3
42.Kg1 Qh3g3
43.Qd2h6 Kf7
44.Qh6h7 Qg3g7
45.Re5xe7 { resign }
1-0

[Event "Tourn. n8754"]
[Site "www.chess-mail.com"]
[Date "2016.06.08"]
[Round "1"]
[White "Julian"]
[Black "0o0o0"]
[WhiteElo "2110"]
[BlackElo "2160"]
[Result "0-1"]
[Round "1"]
1.e4 c5
2.Ng1f3 Nb8c6
3.c3 d5
4.exd5 Qd8xd5
5.d4 cxd4
6.cxd4 Bc8g4
7.Nb1c3 Qd5h5
8.Bf1e2 e6
9.O-O O-O-O
10.Bc1e3 Ng8h6
11.Nf3e5 Nc6xe5
12.Qd1c2 Bg4xe2
13.Nc3xe2 Ne5c6
14.Ne2f4 Qh5f5
15.Ra1c1 Qf5xc2
16.Rc1xc2 Kb8
17.Nf4e2 Bf8d6
18.a3 e5
19.d5 Nc6e7
20.Ne2c3 Nh6f5
21.Nc3e4 Ne7xd5
22.Ne4xd6 Rd8xd6
23.Rf1e1 Rh8c8
24.Rc2xc8 Kxc8
25.Re1c1 Rd6c6
26.Rc1xc6 bxc6
27.Be3xa7 Kc7
28.Ba7c5 Nd5f4
29.g3 Nf4d3
30.b4 Nd3xc5
{ resign }
0-1

[Event "Tourn. n8825"]
[Site "www.chess-mail.com"]
[Date "2016.06.08"]
[Round "1"]
[White "Kampungboy"]
[Black "Nulladies"]
[WhiteElo "1699"]
[BlackElo "1679"]
[Result "1-0"]
[Round "1"]
1.e4 c5
2.d4 cxd4
3.c3 dxc3
4.Nb1xc3 e5
5.Bf1c4 Bf8b4
6.Qd1b3 Bb4xc3
7.bxc3 Qd8e7
8.Bc1a3 Qe7f6
9.Ra1d1 Nb8c6
10.Rd1d6 Nc6a5
11.Rd6xf6 Na5xb3
12.Rf6xf7 Nb3a5
13.Rf7f8 { resign }
1-0

[Event "Tourn. n8737"]
[Site "www.chess-mail.com"]
[Date "2016.06.08"]
[Round "1"]
[White "Picifarkinca"]
[Black "Blackpool"]
[WhiteElo "1720"]
[BlackElo "1740"]
[Result "1-0"]
[Round "1"]
1.d4 d5
2.c4 e6
3.Nb1c3 c5
4.Ng1f3 Ng8f6
5.cxd5 exd5
6.Bc1g5 Bc8e6
7.e3 a6
8.dxc5 Bf8xc5
9.Qd1a4 Nb8c6
10.Nf3e5 Qd8c7
11.Ne5xc6 bxc6
12.Bf1e2 Bc5e7
13.O-O O-O
14.Ra1c1 Qc7d7
15.Rf1d1 Qd7b7
16.b3 Rf8e8
17.Qa4h4 h6
18.Bg5xf6 Be7xf6
19.Qh4g3 Be6f5
20.Be2g4 Bf5xg4
21.Qg3xg4 Bf6xc3
22.Rc1xc3 Ra8c8
23.Rd1c1 Re8e4
24.Qg4d1 Rc8d8
25.Qd1f1 Re4e6
26.Rc3c5  { time }
1-0

[Event "Tourn. n8733"]
[Site "www.chess-mail.com"]
[Date "2016.06.08"]
[Round "1"]
[White "Picifarkinca"]
[Black "Johnmcbride"]
[WhiteElo "1720"]
[BlackElo "1830"]
[Result "1-0"]
[Round "1"]
1.e4 e5
2.Ng1f3 d6
3.h3 Ng8f6
4.Nb1c3 a6
5.d4 exd4
6.Qd1xd4 Nb8c6
7.Qd4e3 Bc8e6
8.Nc3d5 Bf8e7
9.c3 h6
10.Bf1c4 Nc6a5
11.Nd5xf6 Be7xf6
12.Bc4xe6 fxe6
13.Nf3d4 Na5c4
14.Qe3e2 Bf6xd4
15.cxd4 b5
16.b3 Nc4b6
17.O-O Qd8e7
18.Bc1a3 O-O
19.Ra1c1 Ra8c8
20.Rc1c6 Rc8b8
21.e5 Rf8f7
22.exd6 Qe7d7
23.Rc6xc7 Qd7e8
24.Rf1e1 Rb8c8
25.Qe2xe6 Qe8xe6
26.Re1xe6 Rf7xc7
27.dxc7 Nb6d5
28.Re6e5 Nd5xc7
29.Re5c5 Kf7
30.Rc5c6 Ke8
31.Rc6g6 Kf7
32.Rg6c6 Ke8
33.Rc6c3 Kd8
34.Rc3g3 g5
35.Rg3f3 Nc7e6
36.d5 Ne6d4
37.Rf3f6 Rc8c2
38.Rf6xa6 Rc2xa2
39.Ba3e7 Kxe7
40.Ra6xa2 Nd4xb3
41.Ra2a6 b4
42.Ra6b6 Nb3d4
43.Rb6xb4 Nd4e2
44.Kh2 Kd6
45.Rb4b2 Ne2f4
46.Rb2b6 Kxd5
47.Rb6xh6 Nf4d3
48.Kg1 Ke5
49.Rh6h8 Kf5
50.Rh8d8 Nd3f4
51.Rd8f8 Ke5
52.Rf8xf4 Kxf4
53.Kf1 Ke4
54.Ke1 Kf4
55.Ke2 Ke4
56.g3 { resign }
1-0

[Event "Tourn. n8732"]
[Site "www.chess-mail.com"]
[Date "2016.06.08"]
[Round "1"]
[White "Comrade"]
[Black "Umzi"]
[WhiteElo "2190"]
[BlackElo "2210"]
[Result "0-1"]
[Round "1"]
1.c4 e5
2.Nb1c3 Nb8c6
3.g3 Ng8f6
4.Bf1g2 Bf8b4
5.a3 Bb4xc3
6.dxc3 O-O
7.Bc1g5 h6
8.Bg5xf6 Qd8xf6
9.e3 d6
10.Ng1e2 Bc8g4
11.O-O Nc6e7
12.Qd1d2 c6
13.h3 Bg4f3
14.e4 Bf3xg2
15.Kxg2 Ra8d8
16.Ra1d1 Qf6g6
17.f3 f5
18.f4 fxe4
19.fxe5 Ne7f5
20.exd6 Rd8xd6
21.Qd2c1 Rd6xd1
22.Rf1xd1 Nf5h4
23.Kh2 Rf8f2
24.Kg1 Rf2xe2
25.Qc1f4 Nh4f3
26.Kf1 Re2xb2
27.g4 Rb2h2
28.Rd1d8 Kh7
29.Rd8d6 Qg6e8
30.Qf4f5 Kg8
31.c5 Nf3g5
32.Rd6g6 Rh2xh3
{ resign }
0-1

[Event "Tourn. n8833"]
[Site "www.chess-mail.com"]
[Date "2016.06.08"]
[Round "1"]
[White "Kampungboy"]
[Black "Bojan"]
[WhiteElo "1849"]
[BlackElo "1990"]
[Result "1-0"]
[Round "1"]
1.e4 e5
2.f4 exf4
3.Ng1f3 h6
4.Nb1c3 g5
5.h4 f6
6.hxg5 fxg5
7.Nf3e5 Bf8g7
8.Qd1h5 Ke7
9.Qh5f7 Kd6
10.Ne5c4 Kc6
11.Qf7d5 { resign }
1-0

[Event "Tourn. n8764"]
[Site "www.chess-mail.com"]
[Date "2016.06.08"]
[Round "1"]
[White "Pellix84"]
[Black "Antuan72"]
[WhiteElo "1870"]
[BlackElo "1940"]
[Result "1-0"]
[Round "1"]
1.d4 Ng8f6
2.c4 e6
3.Ng1f3 b6
4.e3 Bc8b7
5.a3 d6
6.Nb1c3 Bf8e7
7.Bf1e2 O-O
8.O-O Nb8d7
9.e4 c5
10.d5 exd5
11.exd5 h6
12.h3 a6
13.Bc1f4 Rf8e8
14.Be2d3  { time }
1-0

[Event "Tourn. n8736"]
[Site "www.chess-mail.com"]
[Date "2016.06.08"]
[Round "1"]
[White "Faerieking"]
[Black "Sontuozio"]
[WhiteElo "2270"]
[BlackElo "2230"]
[Result "1-0"]
[Round "1"]
1.e4 e6
2.d4 d5
3.Nb1c3 Ng8f6
4.Bc1g5 Bf8e7
5.e5 Nf6d7
6.h4 c5
7.Bg5xe7 Qd8xe7
8.Nc3b5 Nd7b6
9.Nb5d6 Kf8
10.dxc5 Nb8c6
11.cxb6 axb6
12.f4 Bc8d7
13.Bf1b5 Nc6a5
14.Bb5xd7 Qe7xd7
15.b3 Qd7c6
16.Qd1d3 Ke7
17.Ng1f3 Qc6c5
18.a3 Qc5c7
19.g4 Na5c6
20.Nd6b5 Qc7d7
21.Nf3d4 Nc6xd4
22.Nb5xd4 Rh8c8
23.Qd3xh7 Qd7c7
24.Qh7d3 b5
25.Kd2 Qc7c5
26.b4 Qc5b6
27.f5 Rc8c4
28.c3 Ra8c8
29.Rh1c1 Rc8h8
30.h5 Rh8a8
31.fxe6 fxe6
32.Qd3e3 Kd7
33.Rc1f1 Ra8e8
34.Rf1f7 Re8e7
35.Rf7xe7 Kxe7
36.Nd4f5 { resign }
1-0

[Event "Match"]
[Site "www.echecsemail.com"]
[Date "2016.06.08"]
[Round "1"]
[White "Irene"]
[Black "Milkyway"]
[WhiteElo "2080"]
[BlackElo "1809"]
[Result "0-1"]
[Round "1"]
1.d4 g6
2.e4 Bf8g7
3.Ng1f3 d5
4.e5 Bc8g4
5.Bf1e2 e6
6.h3 Bg4xf3
7.Be2xf3 Ng8e7
8.Bc1g5 h6
9.Bg5h4 Qd8d7
10.Nb1c3 Ne7f5
11.Bh4g3 Nb8c6
12.Nc3e2 Nf5xg3
13.Ne2xg3 Nc6e7
14.O-O O-O
15.c3 c5
16.Bf3e2 cxd4
17.cxd4 Ra8c8
18.Ra1c1 Rc8xc1
19.Qd1xc1 Rf8c8
20.Qc1d2 Qd7c7
21.Be2d3 a6
22.Ng3e2 b5
23.Rf1c1 Qc7d7
24.Qd2a5 Rc8xc1
25.Ne2xc1 Qd7b7
26.Qa5d8 Kh7
27.Qd8e8 Ne7c6
28.Nc1e2 Nc6b4
29.Bd3xg6 fxg6
30.Ne2f4 { time. }
0-1

[Event "Match"]
[Site "www.echecsemail.com"]
[Date "2016.06.08"]
[Round "1"]
[White "Irene"]
[Black "Orae"]
[WhiteElo "2080"]
[BlackElo "1760"]
[Result "0-1"]
[Round "1"]
1.d4 g6
2.e4 Bf8g7
3.Ng1f3 Nb8c6
4.c3 a6
5.Bf1c4 h6
6.Nf3h4 e6
7.Qd1g4 e5
8.Bc4xf7 Kf8
9.Qg4xg6 Qd8xh4
10.Bf7c4 Nc6d8
11.d5 d6
12.Bc4b3 Ng8e7
13.Qg6g3 Qh4xe4
14.Bc1e3 Nd8f7
15.Nb1d2 Qe4d3
16.O-O-O Bc8f5
17.Qg3f3 a5
18.g4 Bf5g6
19.Nd2c4 Qd3b1
20.Kd2 Qb1d3
21.Ke1 { time. }
0-1

[Event "Match"]
[Site "www.echecsemail.com"]
[Date "2016.06.08"]
[Round "1"]
[White "Azorau"]
[Black "Irene"]
[WhiteElo "1950"]
[BlackElo "2090"]
[Result "1-0"]
[Round "1"]
1.e4 e5
2.Ng1f3 Nb8c6
3.Nb1c3 Ng8f6
4.Bf1c4 Nc6d4
5.Nf3g5 d5
6.exd5 Bf8b4
{ time. }
1-0

[Event "Tourn. n8682"]
[Site "www.chess-mail.com"]
[Date "2016.06.09"]
[Round "1"]
[White "Azulmarino"]
[Black "Drawmaster"]
[WhiteElo "1490"]
[BlackElo "1670"]
[Result "1-0"]
[Round "1"]
1.e4 c5
2.c4 Nb8c6
3.a3 d6
4.Ng1f3 g6
5.Nb1c3 Bf8g7
6.Qd1c2 Bc8g4
7.Nf3g1 Nc6d4
8.Qc2d3 Ng8f6
9.h3 Bg4d7
10.Ng1f3 Nd4xf3
11.Qd3xf3 O-O
12.Bf1d3 Bd7c6
13.O-O Qd8d7
14.Nc3e2 a6
15.Ne2c3 Ra8b8
16.Bd3c2 b5
17.b3 b4
18.axb4 cxb4
19.d3 bxc3
20.Bc1g5 h6
21.Bg5e3 Rb8a8
22.Be3d4 e5
23.Bd4e3 Kh7
24.g4 Qd7e6
25.Kh2 Bc6b7
26.g5 hxg5
27.Be3xg5 Nf6h5
28.Qf3g4 Qe6xg4
29.hxg4 Nh5f4
30.Ra1e1 f6
31.Bg5xf4 exf4
32.f3 Rf8h8
33.d4 Kg8
34.Kg2 g5
35.e5 dxe5
36.d5 Kf7
37.d6  { time }
1-0

[Event "Tourn. n8736"]
[Site "www.chess-mail.com"]
[Date "2016.06.09"]
[Round "1"]
[White "Abuelo"]
[Black "Julian"]
[WhiteElo "2220"]
[BlackElo "2100"]
[Result "0-1"]
[Round "1"]
1.e4 c5
2.Nb1c3 d6
3.Bf1c4 e6
4.d3 Nb8c6
5.Bc4b5 Bc8d7
6.Bb5xc6 bxc6
7.Ng1f3 e5
8.h3 Ng8f6
9.Bc1g5 Bf8e7
10.Bg5xf6 Be7xf6
11.Qd1d2 O-O
12.O-O Rf8e8
13.a3 Ra8b8
14.Ra1b1 Bd7e6
15.b3 d5
16.Nc3a4 Qd8e7
17.Qd2c3 c4
18.Rb1a1 cxb3
19.cxb3 dxe4
20.dxe4 Rb8xb3
21.Qc3xc6 Re8c8
22.Qc6a6 Rc8c2
23.Qa6a5 g6
24.Nf3e1 Rc2e2
25.Na4c5 Rb3b2
26.Nc5xe6 fxe6
27.f3 Bf6h4
28.Ne1d3 Re2xg2
29.Kh1 Rg2h2
30.Kg1 Rb2g2
{ resign }
0-1

[Event "Tourn. n8758"]
[Site "www.chess-mail.com"]
[Date "2016.06.09"]
[Round "1"]
[White "Libiesse"]
[Black "Osopanda"]
[WhiteElo "1900"]
[BlackElo "1940"]
[Result "1-0"]
[Round "1"]
1.d4 d5
2.c4 e6
3.Ng1f3 Ng8f6
4.Bc1g5 Bf8e7
5.Nb1c3 c6
6.cxd5 exd5
7.e3 O-O
8.Bf1d3 Bc8g4
9.O-O Nb8d7
10.Kh1 h6
11.Bg5h4 g5
12.Bh4g3 Nf6e4
13.Nc3xe4 dxe4
14.Bd3xe4 Nd7f6
15.Be4c2 Nf6h5
16.Qd1d3 Nh5xg3
17.fxg3 f5
18.Nf3e5 Bg4h5
19.g4 Be7f6
20.gxh5 Bf6xe5
21.Rf1xf5 Be5g7
22.Ra1f1 Bg7f6
23.Rf5xg5 { resign }
1-0

[Event "Tourn. n8720"]
[Site "www.chess-mail.com"]
[Date "2016.06.09"]
[Round "1"]
[White "Yangqi"]
[Black "Ejner"]
[WhiteElo "2660"]
[BlackElo "2289"]
[Result "1/2-1/2"]
[Round "1"]
1.e4 e6
2.d4 d5
3.Nb1c3 dxe4
4.Nc3xe4 Nb8d7
5.Ng1f3 Ng8f6
6.Bf1d3 c5
7.O-O Nf6xe4
8.Bd3xe4 Nd7f6
9.Bc1g5 cxd4
10.Nf3xd4 Bf8e7
11.Be4f3 O-O
12.Qd1d3 Qd8b6
13.Ra1d1 Rf8d8
14.Bg5e3 Qb6a5
15.Qd3c4 Nf6d5
16.Nd4b3 Nd5xe3
17.Nb3xa5 Ne3xc4
18.Na5xc4 Kf8
19.c3 Ra8b8
20.Rf1e1 Rd8xd1
21.Re1xd1 f6
22.Nc4a5 Ke8
23.g3 Be7d8
24.Na5c4 Bd8c7
25.Nc4d6 Bc7xd6
26.Rd1xd6 Ke7
27.Rd6d2 Bc8d7
28.Kf1 Bd7b5
29.Ke1 b6
30.b3 Rb8c8
31.c4 Bb5c6
32.Bf3xc6 Rc8xc6
33.f4 Rc6c5
34.Ke2 a5
35.Ke3 g5
36.Rd2d4 gxf4
37.Rd4xf4 Rc5h5
38.Rf4f2 Rh5g5
39.Rf2f4 Rg5h5
40.Rf4f2 Rh5g5
41.Rf2f4 { draw }
1/2-1/2

[Event "Tourn. n8723"]
[Site "www.chess-mail.com"]
[Date "2016.06.09"]
[Round "1"]
[White "Hundegana"]
[Black "Osopanda"]
[WhiteElo "1910"]
[BlackElo "1990"]
[Result "0-1"]
[Round "1"]
1.e4 c5
2.c4 e6
3.Nb1c3 a6
4.d4 cxd4
5.Qd1xd4 Nb8c6
6.Qd4d1 d6
7.Bf1d3 Ng8f6
8.f4 Bf8e7
9.g3 O-O
10.Ng1f3 Bc8d7
11.O-O Qd8c7
12.Bc1e3 Ra8c8
13.a3 Nf6g4
14.Be3f2 Ng4xf2
15.Kxf2 Rf8d8
16.Kg2 Be7f6
17.Ra1c1 e5
18.f5 Nc6d4
19.Nf3xd4 exd4
20.Nc3d5 Qc7c6
21.g4 Rd8e8
22.b4 b5
23.cxb5 Qc6xc1
24.Qd1xc1 Rc8xc1
25.Rf1xc1 axb5
26.Rc1c7 Re8d8
27.Nd5xf6 gxf6
28.h4 Bd7e8
29.Rc7b7 d5
30.exd5 Rd8xd5
31.Kf3 Rd5e5
32.Bd3e4 Re5xe4
33.Kxe4 Be8c6
34.Kxd4 Bc6xb7
35.Kc5 Bb7f3
36.Kxb5 Bf3xg4
37.Kc5 Bg4xf5
38.a4 Bf5d3
39.b5 f5
40.b6 Bd3a6
41.Kc6 f4
42.b7 Ba6xb7
43.Kxb7 f3
44.a5 f2
45.a6 f1Q
46.a7 Qf1b5
47.Ka8 Qb5a6
48.h5 f5
49.h6 f4
50.Kb8 f3
51.Ka8 f2
52.Kb8 f1Q
53.Ka8 Qf1f3
54.Kb8 Qf3b7
{ resign }
0-1

[Event "Tourn. n8697"]
[Site "www.chess-mail.com"]
[Date "2016.06.09"]
[Round "1"]
[White "Bluetealeaf"]
[Black "Drawmaster"]
[WhiteElo "1740"]
[BlackElo "1670"]
[Result "1-0"]
[Round "1"]
1.e4 b6
2.Nb1c3 Bc8b7
3.Qd1e2 e6
4.e5 d5
5.d4 Bb7a6
6.Nc3b5 c6
7.Qe2f3 Ba6xb5
8.Bf1xb5 cxb5
9.Ng1e2 Ng8e7
10.Bc1g5 Qd8c7
11.c3 h6
12.Bg5e3 Ne7f5
13.b4 Nf5xe3
14.Qf3xe3 Bf8e7
15.O-O O-O
16.a3 a5
17.Ne2g3 a4
18.f4 Qc7c6
19.Qe3d3 Qc6c4
20.Qd3xc4 dxc4
21.f5 Be7g5
22.Ng3h5 exf5
23.d5 Nb8d7
24.Ra1d1 Nd7xe5
25.Rf1xf5 Ne5d3
26.g3 g6
27.Nh5f6  { time }
1-0

[Event "Tourn. n8803"]
[Site "www.chess-mail.com"]
[Date "2016.06.09"]
[Round "1"]
[White "Rons"]
[Black "Paaliaq"]
[WhiteElo "2550"]
[BlackElo "2490"]
[Result "1/2-1/2"]
[Round "1"]
1.e4 c5
2.Ng1f3 e6
3.d4 cxd4
4.Nf3xd4 a6
5.Bf1d3 Qd8c7
6.O-O Ng8f6
7.Qd1e2 d6
8.c4 g6
9.Nb1c3 Bf8g7
10.Rf1d1 O-O
11.Nd4f3 Nb8c6
12.h3 Nf6d7
13.Bc1e3 Nd7e5
14.Ra1c1 Bc8d7
15.Nf3e1 Nc6b4
16.Bd3b1 Ne5xc4
17.Be3f4 Nc4e5
18.Bf4e3 Ne5c4
19.Be3f4 Nc4e5
20.Bf4e3 Ne5c4
21.Be3f4 { draw }
1/2-1/2

[Event "Tourn. n8745"]
[Site "www.chess-mail.com"]
[Date "2016.06.09"]
[Round "1"]
[White "Falcoale"]
[Black "Malbertan"]
[WhiteElo "1800"]
[BlackElo "2040"]
[Result "1-0"]
[Round "1"]
1.e4 e5
2.Ng1f3 Nb8c6
3.Bf1c4 Bf8c5
4.O-O Ng8f6
5.d3 d6
6.Bc1g5 Bc8g4
7.h3 Bg4h5
8.g4 Bh5g6
9.Nf3h4 Qd8d7
10.Nb1c3 h5
11.Bg5xf6 gxf6
12.Nh4xg6 fxg6
13.Nc3d5 Qd7g7
14.c3 hxg4
15.Qd1xg4 Nc6d8
16.Ra1d1 c6
17.Nd5b4 Qg7h7
18.Kh2 f5
19.exf5 gxf5
20.Qg4g2 Nd8f7
21.d4 Bc5xb4
22.cxb4 Nf7g5
23.Rd1d3 e4
24.Rd3e3 Ng5f3
25.Qg2xf3 O-O-O
26.Bc4e6 Kb8
27.Qf3xf5 Qh7xf5
28.Be6xf5 d5
29.a4 Rd8f8
30.Bf5g4 Rf8f4
31.Kg3 Rf4f8
32.b5 Rh8h6
33.bxc6 Rh6xc6
34.Re3c3 Rc6b6
35.b3 Rb6b4
36.Bg4e6 Rf8d8
37.Rf1c1 a6
38.Rc3c8 Rd8xc8
39.Rc1xc8 Ka7
40.Be6xd5 Rb4xd4
41.Bd5c4 { resign }
1-0

[Event "Tourn. n8823"]
[Site "www.chess-mail.com"]
[Date "2016.06.09"]
[Round "1"]
[White "Redabond"]
[Black "Nulladies"]
[WhiteElo "1610"]
[BlackElo "1679"]
[Result "1-0"]
[Round "1"]
1.d4 Ng8f6
2.Bc1f4 d5
3.Nb1c3 Bc8f5
4.Nc3b5 a6
5.Nb5xc7 Kd7
6.Nc7xa8 Qd8c8
7.Na8b6 { resign }
1-0

[Event "Tourn. n8693"]
[Site "www.chess-mail.com"]
[Date "2016.06.09"]
[Round "1"]
[White "Difficult"]
[Black "Falcoale"]
[WhiteElo "1890"]
[BlackElo "1860"]
[Result "0-1"]
[Round "1"]
1.d4 Ng8f6
2.c4 e6
3.Ng1f3 b6
4.g3 Bc8b7
5.Bf1g2 d5
6.Nf3e5 c6
7.O-O Nb8d7
8.Ne5xd7 Nf6xd7
9.b3 Bf8e7
10.Nb1d2 O-O
11.Bc1b2 Nd7f6
12.Ra1c1 Nf6d7
13.cxd5 exd5
14.Nd2f3 Nd7f6
15.Nf3e5 Rf8e8
16.e3 Nf6d7
17.Ne5xc6 Bb7xc6
18.Rc1xc6 Nd7b8
19.Rc6c1 Nb8a6
20.Qd1e2 Na6c7
21.Rc1c2 Ra8b8
22.Rf1c1 Nc7e6
23.Qe2d3 Qd8d7
24.Bg2h3 Re8c8
25.Rc2xc8 Rb8xc8
26.Rc1xc8 Qd7xc8
27.Bh3xe6 Qc8xe6
28.Qd3c3 h5
 { time }
0-1

[Event "Match"]
[Site "www.echecsemail.com"]
[Date "2016.06.09"]
[Round "1"]
[White "Darknight"]
[Black "Paco"]
[WhiteElo "1680"]
[BlackElo "1850"]
[Result "1-0"]
[Round "1"]
1.e4 e5
2.Bf1c4 Ng8f6
3.d3 Bf8c5
4.h3 b6
5.Ng1f3 d6
6.g4 Bc8b7
7.Nf3g5 d5
8.exd5 Nf6xd5
9.Rh1g1 Qd8f6
10.Qd1e2 O-O
11.c3 Nd5f4
12.Bc1xf4 exf4
13.Ng5e4 Qf6h4
14.d4 Rf8e8
15.Nb1d2 Bb7xe4
16.Nd2xe4 Bc5e7
17.Qe2f3 Be7d6
18.O-O-O Nb8c6
19.Bc4d5 Nc6a5
20.Bd5xa8 Na5c4
21.Ba8c6 Re8e6
22.g5 g6
23.Bc6d5 Re6xe4
24.Bd5xe4 h6
25.Rg1g4 Qh4h5
26.Qf3g2 hxg5
27.f3 Nc4e3
28.Qg2h1 Ne3xd1
29.Kxd1 f5
30.Be4d5 Kg7
31.Rg4g1 g4
32.h4 gxf3
33.Bd5xf3 Qh5h8
34.h5 c5
35.d5 Kf6
36.Rg1xg6 Ke7
37.Qh1e1 Kd7
38.Qe1e6 Kc7
39.Qe6f7 Kd8
40.Rg6g8 Qh8xg8
41.Qf7xg8 Ke7
42.Qg8e6 { resign }
1-0

[Event "Match"]
[Site "www.echecsemail.com"]
[Date "2016.06.09"]
[Round "1"]
[White "Masterchess"]
[Black "Pare123"]
[WhiteElo "1750"]
[BlackElo "2000"]
[Result "0-1"]
[Round "1"]
1.d4 e6
2.e4 d6
3.Nb1c3 Bf8e7
4.Ng1f3 h6
5.Bf1e2 Bc8d7
6.O-O Ng8f6
7.h3 O-O
8.Bc1e3 b6
9.a4 a6
10.Qd1d2 Rf8e8
11.e5 dxe5
12.dxe5 Nf6h7
13.Rf1d1 Bd7c6
14.Qd2xd8 Be7xd8
15.Nf3d4 Bd8e7
16.Nd4xc6 Nb8xc6
17.f4 Nc6d8
18.Be2f3 Ra8b8
19.Rd1d2 c5
20.Nc3e4 f5
21.Ne4d6 Be7xd6
22.Rd2xd6 Nd8f7
23.Rd6d2 Nh7f8
24.Ra1d1 g5
 { time }
0-1

[Event "Match"]
[Site "www.echecsemail.com"]
[Date "2016.06.09"]
[Round "1"]
[White "Ericleo1980"]
[Black "Birya"]
[WhiteElo "2210"]
[BlackElo "1809"]
[Result "1-0"]
[Round "1"]
1.e4 c5
2.Ng1f3 e6
3.d4 cxd4
4.Nf3xd4 Nb8c6
5.Nb1c3 a6
6.Bc1e3 Qd8c7
7.a3 Ng8f6
8.Bf1e2 Bf8e7
9.O-O O-O
10.Qd1d2 d6
11.f4  { time }
1-0

[Event "Match"]
[Site "www.echecsemail.com"]
[Date "2016.06.09"]
[Round "1"]
[White "Kampungboy"]
[Black "Daquata"]
[WhiteElo "1499"]
[BlackElo "1750"]
[Result "1/2-1/2"]
[Round "1"]
1.e4 e5
2.f4 exf4
3.Bf1e2 Qd8h4
4.Kf1 Nb8c6
5.d4 d6
6.Ng1f3 Qh4f6
7.Nb1c3 Ng8e7
8.h4 Bc8g4
9.d5 Bg4xf3
10.Be2xf3 Nc6e5
11.Qd1d2 Ne7g6
12.Nc3b5 { draw }
1/2-1/2

[Event "Match"]
[Site "www.echecsemail.com"]
[Date "2016.06.09"]
[Round "1"]
[White "Roque1"]
[Black "Nugun"]
[WhiteElo "1920"]
[BlackElo "1810"]
[Result "1-0"]
[Round "1"]
1.e4 c6
2.d4 d5
3.e5 c5
4.Ng1f3 cxd4
5.Qd1xd4 Nb8c6
6.Bf1b5 e6
7.O-O a6
8.Bb5xc6 bxc6
9.Bc1g5  { time }
1-0

[Event "Match"]
[Site "www.echecsemail.com"]
[Date "2016.06.09"]
[Round "1"]
[White "Wagner"]
[Black "Gilliere"]
[WhiteElo "1800"]
[BlackElo "2040"]
[Result "1/2-1/2"]
[Round "1"]
1.e4 e5
2.c3 Ng8f6
3.Bf1d3 d6
4.h3 Nb8d7
5.b4 Bf8e7
6.g4 h6
7.Ng1f3 b6
8.Qd1a4 O-O
9.g5 hxg5
10.Nf3xg5 Nf6h7
11.Ng5xh7 Kxh7
12.Bd3e2 Be7h4
13.d3 Qd8f6
14.Bc1e3 Rf8g8
15.Rh1g1 Nd7f8
16.Qa4c6 Bc8b7
17.Qc6xb7 Qf6d8
18.Be2g4 Nf8e6
19.Bg4f5 g6
20.Bf5g4 g5
21.Qb7d5 Qd8e7
22.Bg4f5 Kh6
23.Qd5b3 Ne6g7
24.Qb3d1 Ng7xf5
25.exf5 Qe7f6
26.Rg1g4 Qf6xf5
27.Be3xg5 Rg8xg5
28.Rg4xh4 Kg6
29.Qd1d2 Rg5g1
30.Ke2 Qf5g5
31.Rh4g4 { draw }
1/2-1/2

[Event "Match"]
[Site "www.echecsemail.com"]
[Date "2016.06.09"]
[Round "1"]
[White "Willyp"]
[Black "Tomcapp"]
[WhiteElo "1599"]
[BlackElo "1570"]
[Result "1-0"]
[Round "1"]
1.e4 e5
2.Ng1f3 Nb8c6
3.Bf1b5 Bf8c5
4.c3 Ng8f6
5.d3 Nf6g4
6.d4 exd4
7.cxd4 Bc5b4
8.Bc1d2 Bb4xd2
9.Qd1xd2 a6
10.Bb5a4 b5
11.Ba4b3 d5
12.Bb3xd5 Bc8b7
13.Qd2f4 Ng4f6
14.Bd5xc6 Bb7xc6
15.d5 Bc6d7
16.Qf4e5 Kf8
17.Nb1d2 Bd7g4
18.Ra1c1 a5
19.Rc1xc7 Bg4xf3
20.gxf3 a4
21.Rc7b7 Nf6d7
22.Qe5d6 Kg8
23.Rb7xd7 Qd8a5
24.Rd7b7 Ra8d8
25.Rb7b8 g6
26.Rb8xd8 Kg7
27.Rd8xh8 Kxh8
28.Qd6f8 
1-0

[Event "1/32 Finale"]
[Site "www.chess-mail.com"]
[Date "2016.06.09"]
[Round "1"]
[White "Raven16"]
[Black "Amaya"]
[WhiteElo "2190"]
[BlackElo "2020"]
[Result "1-0"]
[Round "1"]
1.e4 c5
2.Ng1f3 Nb8c6
3.d4 cxd4
4.Nf3xd4 e6
5.Bf1b5 Bf8c5
6.Nd4b3 Bc5b6
7.O-O Ng8e7
8.Bc1g5 a6
9.Bb5xc6 bxc6
10.Nb1c3 d5
11.exd5 cxd5
12.Nb3d4 Bb6xd4
13.Qd1xd4 O-O
14.Rf1e1 Qd8c7
15.Bg5xe7 Qc7xe7
16.Qd4xd5 Bc8d7
17.Qd5a5 Bd7c6
18.Ra1d1 Rf8d8
19.Rd1xd8 Qe7xd8
20.Qa5xd8 Ra8xd8
21.Re1d1 Rd8xd1
22.Nc3xd1 f6
23.b4 Bc6d5
24.a3 Kf7
25.Nd1e3 Bd5c6
26.Kf1 h5
27.Ke2 g5
28.Kd3 Ke7
29.c4 Kd6
30.g3 Ke5
31.c5 f5
32.Ne3c4 Kf6
33.Kd4 Ke7
34.Ke5 Bc6d5
35.Nc4a5 Kd7
36.a4 h4
37.b5 axb5
38.axb5 hxg3
39.fxg3 Kc7
40.Na5c6 g4
41.Nc6d4 Kd7
42.c6 Kc7
43.Nd4xe6 { resign }
1-0

[Event "Eq:SIETE ESTRELLAS VERDES-Royal chess : "]
[Site "www.chess-mail.com"]
[Date "2016.06.09"]
[Round "1"]
[White "Paco"]
[Black "Genius7"]
[WhiteElo "1850"]
[BlackElo "1780"]
[Result "0-1"]
[Round "1"]
1.e4 c5
2.Ng1f3 Nb8c6
3.Bf1c4 e6
4.d3 d6
5.Nb1c3 Ng8f6
6.O-O Bf8e7
7.Rf1e1 O-O
8.d4 cxd4
9.Nf3xd4 Bc8d7
10.Nd4b5 Nc6e5
11.Bc4b3 Bd7xb5
12.Nc3xb5 a6
13.f4 Ne5c6
14.e5 dxe5
15.fxe5 Qd8xd1
16.Re1xd1 Nc6xe5
17.Nb5d4 Be7c5
18.c3 Ne5c6
19.Kh1 Nc6xd4
20.cxd4 Bc5b6
21.a4 Rf8d8
22.Bc1e3 Ra8c8
23.a5 Bb6a7
24.Ra1a4 Nf6d5
25.Be3f2 g6
26.h4 Nd5f4
27.g3 Nf4d5
28.Kg2 Rc8c7
29.Bb3a2 Rc7d7
30.b4 Nd5c3
31.Ba2b3 Nc3xd1
32.Bb3xd1 Ba7xd4
33.Bd1f3 Bd4xf2
34.Kxf2 Rd7d2
35.Kg1 Rd2b2
36.Bf3g2 { time. }
0-1

[Event "Tourn. n8732"]
[Site "www.chess-mail.com"]
[Date "2016.06.10"]
[Round "1"]
[White "Faerieking"]
[Black "Comrade"]
[WhiteElo "2280"]
[BlackElo "2190"]
[Result "1-0"]
[Round "1"]
1.e4 c5
2.Ng1f3 Nb8c6
3.d4 cxd4
4.Nf3xd4 Ng8f6
5.Nb1c3 d6
6.Bf1c4 a6
7.Nd4xc6 bxc6
8.e5 d5
9.exf6 dxc4
10.Qd1f3 Qd8d6
11.fxg7 Bf8xg7
12.O-O O-O
13.Bc1f4 e5
14.Bf4e3 Bc8e6
15.Ra1d1 Qd6c7
16.Qf3g3 Kh8
17.f4 Ra8d8
18.Rd1xd8 Rf8xd8
19.f5 Be6d5
20.f6 Bg7xf6
21.Rf1xf6 Rd8g8
22.Nc3xd5 Rg8xg3
23.Nd5xc7 Rg3xe3
24.Kf2 Kg7
25.Rf6xc6 Re3e4
26.Nc7xa6 Re4f4
27.Ke3 f6
28.Na6c7 Kf7
29.Nc7d5 Rf4f5
30.a4 { resign }
1-0

[Event "Tourn. n8817"]
[Site "www.chess-mail.com"]
[Date "2016.06.10"]
[Round "1"]
[White "Mitja"]
[Black "Bojan"]
[WhiteElo "1950"]
[BlackElo "1980"]
[Result "1/2-1/2"]
[Round "1"]
1.d4 g6
2.e3 Bf8g7
3.c3 d5
4.h3 Qd8d6
5.Ng1e2 e5
6.dxe5 Bg7xe5
7.Ne2d4 a6
8.Nb1d2 c5
9.Nd4b3 Nb8c6
10.Nd2f3 Be5g7
11.Bf1e2 Ng8f6
12.Bc1d2 Nf6e4
13.Bd2c1 b6
14.Nb3d2 f5
15.O-O Nc6e5
16.Nf3xe5 Qd6xe5
17.Nd2f3 Qe5d6
18.Bc1d2 Ne4xd2
19.Qd1xd2 Bc8b7
20.Ra1c1 O-O-O
21.a4 a5
22.b4 axb4
23.cxb4 Kd7
24.bxc5 bxc5
25.Rf1d1 Ke7
26.Qd2a2 Rd8d7
27.Be2b5 Bb7c6
28.Bb5c4 Rh8d8
29.Qa2a3 d4
30.Nf3g5 Qd6e5
31.Ng5f7 Qe5e4
32.f3 Qe4xe3
33.Qa3xe3 dxe3
34.Nf7xd8 Kxd8
35.Bc4b5 Bc6xb5
36.axb5 Bg7d4
37.Kf1 Kc7
38.Ke2 Kb6
39.Rc1b1 Rd7a7
40.Rd1d3 Ra7a2
41.Kf1 Ra2f2
42.Kg1 Rf2d2
43.Rd3xd2 exd2
44.Kf1 c4
45.Ke2 c3
46.Kd3 Bd4e5
47.Kc2 Be5d4
{ draw }
1/2-1/2

[Event "Tourn. n8738"]
[Site "www.chess-mail.com"]
[Date "2016.06.10"]
[Round "1"]
[White "Julian"]
[Black "Bira47"]
[WhiteElo "2100"]
[BlackElo "2010"]
[Result "1/2-1/2"]
[Round "1"]
1.e4 c5
2.Ng1f3 e6
3.c3 h6
4.Bf1c4 a6
5.d4 b5
6.Bc4b3 c4
7.Bb3c2 Bc8b7
8.O-O d5
9.e5 Ng8e7
10.Nb1d2 Ne7g6
11.Rf1e1 Ng6f4
12.Nd2f1 g5
13.g3 Nf4h3
14.Kg2 g4
15.Nf3h4 h5
16.Nf1e3 Bf8h6
17.a4 Nb8d7
18.f3 Nd7f8
19.fxg4 hxg4
20.Qd1xg4 Nh3g5
21.Ne3f5 exf5
22.Nh4xf5 Bb7c8
23.Bc1xg5 Qd8xg5
24.Qg4xg5 Bh6xg5
25.Nf5d6 Ke7
26.axb5 Bc8h3
27.Kf3 f5
28.Bc2xf5 Nf8e6
29.bxa6 Bh3xf5
30.Nd6xf5 Kd7
31.h4 Bg5d8
32.Re1b1 Rh8f8
33.g4 Ne6g7
34.Kf4 Bd8xh4
35.b3 Ke6
36.bxc4 Ng7xf5
37.gxf5 Rf8xf5
38.Kg4 Ra8g8
39.Kxh4 Rf5f4
40.Kh3 Rf4f3
41.Kh4 Rf3f4
42.Kh3 Rf4f3
43.Kh2 Rf3f2
44.Kh3 Rf2f3
45.Kh2 Rf3f2
46.Kh3 Rf2f3
{ draw }
1/2-1/2